[Event "Aktiv Alliancen-A"]
[Site "Taastrup"]
[Date "1997.??.??"]
[Round "3"]
[White "Hansen, Lars"]
[Black "Nilssen, John Arni"]
[Result "0-1"]
[WhiteElo "2330"]
[BlackElo "2305"]

1.e4 c5 2.Nc3 Nc6 3.Nf3 d6 4.Bb5 e5 5.O-O Be7 6.d3 Nf6 7.Bxc6+ bxc6 8.Ne1 O-O
9.f4 Bg4 10.Nf3 exf4 11.Bxf4 Nh5 12.Bd2 Bf6 13.Qe1 c4 14.h3 Bxf3 15.Rxf3 cxd3
16.cxd3 Bh4 17.Qc1 f5 18.Qc2 Rb8 19.Be3 Qa5 20.Raf1 Ng3 21.Rd1 fxe4 22.Rxf8+ Rxf8
23.dxe4 Qa6 24.Bf2 Qc4 25.Bxg3 Bxg3 26.Qd3 Qc5+ 27.Kh1 Be5 28.Re1 Qf2 29.Rb1 Qc5
30.g3 Qf2 31.Ne2 h5 32.Rg1 h4 33.Nf4 hxg3 34.Ng2 Qd4 35.Rd1 c5 36.b3 Rf6
37.a4 Rh6 38.Qc4+ Kh8  0-1

[Event "Taastrup 25 Jub"]
[Site "Taastrup"]
[Date "1997.??.??"]
[Round "5"]
[White "Kristensen, Bjarke"]
[Black "Holmsgaard, Henrik"]
[Result "1-0"]
[WhiteElo "2415"]
[BlackElo "2315"]

1.e4 c5 2.Nf3 Nc6 3.Nc3 Nf6 4.Bb5 d6 5.Bxc6+ bxc6 6.h3 e5 7.d3 Be7 8.Bd2 O-O
9.b3 Qc7 10.Ne2 d5 11.Ng3 a5 12.O-O a4 13.Re1 Bd6 14.Nh4 c4 15.bxc4 dxc4
16.Nhf5 Bc5 17.Qf3 Ne8 18.Bc3 cxd3 19.cxd3 f6 20.d4 exd4 21.Nxd4 Nd6 22.Rac1 Nc4
23.Ngf5 a3 24.Nb3 Bd6 25.Nxd6 Qxd6 26.Red1 Qe7 27.Bd4 Ne5 28.Qc3 Qf7 29.f4 Ng6
30.f5 Ne5 31.Bxe5 fxe5 32.Qxe5 Ra4 33.Rxc6 Re8 34.Qc3 Qa7+ 35.Kh1  1-0

[Event "Taastrup 25 Jub"]
[Site "Taastrup"]
[Date "1997.??.??"]
[Round "8"]
[White "Andersen, Preben"]
[Black "Thuesen, Mogens"]
[Result "0-1"]
[WhiteElo "2055"]
[BlackElo "2225"]

1.e4 c5 2.Nf3 Nc6 3.Nc3 g6 4.d4 cxd4 5.Nxd4 Bg7 6.Be3 d6 7.Qd2 Nf6 8.f3 O-O
9.O-O-O Nxd4 10.Bxd4 Be6 11.Kb1 Qc7 12.h4 Rfc8 13.g4 Qa5 14.a3 Rab8 15.h5 b5
16.hxg6 fxg6 17.Nd5 Qxd2 18.Nxf6+ Bxf6 19.Rxd2 Bxd4 20.Rxd4 Rc5 21.Rd2 Kg7
22.Rdh2 Bg8 23.Rd2 b4 24.axb4 Rxb4 25.Be2 Kf6 26.b3 a5 27.Kb2 Kg5 28.Ra1 Kf4
29.Bd1 Be6 30.Rd3 h5 31.gxh5 gxh5 32.Rc3 Rbb5 33.Be2 Rxc3 34.Kxc3 Rc5+ 35.Kd2 h4
36.Rh1 h3  0-1

[Event "EU-ch U16"]
[Site "Tallinn"]
[Date "1997.??.??"]
[Round "1"]
[White "Smistik, Milan"]
[Black "Sargissian, Gabriel"]
[Result "1/2-1/2"]
[WhiteElo "2105"]
[BlackElo "2295"]

1.e4 c5 2.Nf3 Nc6 3.Nc3 d6 4.d4 cxd4 5.Nxd4 Nf6 6.Bg5 e6 7.Bb5 Bd7 8.O-O Be7
9.Qd3 h6 10.Bh4 Qb6 11.Rad1 a6 12.Bxc6 bxc6 13.e5 dxe5 14.Nf3 Rd8 15.Nxe5 Bc8
16.Qc4 Bb7 17.Rxd8+ Qxd8 18.Rd1 Qc7 19.Bg3 Qb6 20.Qb3 Qxb3 21.axb3 O-O 22.Nc4 Rd8
23.Bd6 Bf8 24.Bxf8 Rxd1+ 25.Nxd1 Kxf8 26.b4 Bc8 27.Nd6 Bd7 28.Nb7 Nd5 29.Nc5 Ke7
30.c3 Bc8 31.f3 f5 32.Nf2 Kd6 33.Nfd3 e5 34.Kf2 Nc7 35.c4 Ne6 36.Nxe6 Bxe6
37.b3 Bc8 38.Ke3 g5 39.Nc5 a5 40.Nd3 axb4 41.Nxb4 h5 42.Nd3 Be6 43.Nf2 Bg8
44.Nh3 g4 45.Nf2 gxf3 46.gxf3 f4+ 47.Kd2 Bh7 48.h4 Bf5 49.Kc3 c5 50.Kd2 Kc6
51.Kc3 Kd6 52.Kd2 Ke7 53.Kc3 Bc8 54.Kd3 Bb7 55.Ke2 Ke6 56.Nd3 Kd6 57.Nf2 Bc6
58.Nd3 Bb7 59.Nf2  1/2-1/2

[Event "EU-ch U18"]
[Site "Tallinn"]
[Date "1997.??.??"]
[Round "3"]
[White "Matikozian, Andranik"]
[Black "Vuckovic, Bojan"]
[Result "0-1"]
[WhiteElo "2290"]
[BlackElo "2160"]

1.e4 c5 2.Nc3 Nc6 3.Nf3 e5 4.Bc4 Be7 5.d3 d6 6.O-O Nf6 7.Ng5 O-O 8.f4 h6
9.Nf3 exf4 10.Bxf4 Be6 11.Qe1 d5 12.exd5 Nxd5 13.Bxd5 Bxd5 14.Qg3 Bxf3 15.Qxf3 Bf6
16.Ne4 Nd4 17.Qd1 Ne6 18.c3 Be7 19.Be3 Qd5 20.Qf3 Qxd3 21.Rad1 Qb5 22.Qg4 Bg5
23.Bxg5 Nxg5 24.Nd6 Qc6 25.h4 Rad8 26.Nf5 Qe4 27.Qg3 Rxd1 28.Nxh6+ gxh6 29.Rxd1 Qf5
30.hxg5 hxg5 31.c4 f6 32.Qe3 Kg7 33.b3 b6 34.Rd3 Rf7 35.Rd5 Qb1+ 36.Kh2 Kg6
37.Kg3 Qxa2 38.Qe4+ Kg7 39.Kg4 Qf2 40.Kh5 f5 41.Qe5+ Kh7 42.Qh2 Rg7 43.Re5 Qd2
44.Qh3 Qd1+ 45.Qf3 Qh1+ 46.Qh3 Qxh3+ 47.gxh3 g4 48.hxg4 fxg4 49.Re2 g3 50.Rg2 Rg6
51.Kh4 Kh6 52.Rxg3 Rxg3 53.Kxg3 Kg5 54.Kf3 Kf5 55.Ke3 Ke5  0-1

[Event "EU-ch U16"]
[Site "Tallinn"]
[Date "1997.??.??"]
[Round "5"]
[White "Hersvik, Daniel"]
[Black "Pilaj, Herwig"]
[Result "0-1"]
[WhiteElo "2125"]
[BlackElo "2210"]

1.e4 c5 2.Nf3 Nc6 3.Nc3 g6 4.Bc4 Bg7 5.O-O d6 6.h3 a6 7.a4 e6 8.Re1 Nge7
9.d3 O-O 10.Bg5 h6 11.Bh4 Qc7 12.Qd2 Kh7 13.Nh2 e5 14.Nf1 f5 15.Bxe7 Qxe7
16.Nd5 Qh4 17.Nb6 Rb8 18.Nxc8 Rbxc8 19.exf5 gxf5 20.c3 Rce8 21.Bd5 Bf6 22.Ng3 Ne7
23.Bxb7 d5 24.Kh2 f4 25.Nf1 Rg8 26.Qc2 Rg5 27.f3 Reg8 28.Re2 Rh5 29.Rd1 Rxg2+
30.Kxg2 Qxh3+ 31.Kg1 Qh1+  0-1

[Event "Tallinn-J"]
[Site "Tallinn"]
[Date "1997.??.??"]
[Round "5"]
[White "Lehtinen, Heikki"]
[Black "Antoniewski, Rafal"]
[Result "1/2-1/2"]
[WhiteElo "2205"]
[BlackElo "2310"]

1.e4 c5 2.Nc3 Nc6 3.Nge2 d6 4.d4 cxd4 5.Nxd4 e5 6.Ndb5 a6 7.Na3 b5 8.Nd5 Nce7
9.Bg5 h6 10.Bxb5+ axb5 11.Nxb5 Ra6 12.Ndc7+ Kd7 13.Qd2 hxg5 14.Nxa6 Qb6 15.O-O-O Rh6
16.Nac7 Bb7 17.f3 g4 18.c4 gxf3 19.gxf3 Rf6 20.b4 Nc8 21.Qd3 Qf2 22.Rhf1 Qxa2
23.Rd2 Qa1+ 24.Kc2 Qa4+ 25.Kc3 Na7 26.Rff2 Nxb5+ 27.Nxb5 d5 28.c5 Bc6 29.Ra2 Qxb5
30.Ra7+ Ke8 31.Ra8+ Ke7 32.Ra7+ Ke8 33.Ra8+ Ke7 34.Ra7+  1/2-1/2

[Event "Tallinn op"]
[Site "Tallinn"]
[Date "1997.??.??"]
[Round "6"]
[White "Lucaroni, Massimiliano"]
[Black "Schinis, Mario"]
[Result "1/2-1/2"]
[WhiteElo "2265"]
[BlackElo "2205"]

1.e4 c5 2.Nc3 Nc6 3.Nf3 Nf6 4.d4 cxd4 5.Nxd4 e5 6.Ndb5 d6 7.Nd5 Nxd5 8.exd5 Ne7
9.c3 Nf5 10.a4 Be7 11.Be2 O-O 12.O-O Nh4 13.Be3 a6 14.Na3 Bg5 15.Qd2 Bxe3
16.Qxe3 Ng6 17.Nc4 Nf4 18.Bf3 Bf5 19.Nb6 Rb8 20.g3 Ng6 21.Bg2 Bd7 22.a5 f5
23.Nxd7 Qxd7 24.c4 e4 25.f4 exf3 26.Bxf3 Rbe8 27.Qd4 f4 28.Bh5 fxg3 29.hxg3 Qh3
30.Qg4 Qxg4 31.Bxg4 Ne5 32.Be6+ Kh8 33.Rxf8+ Rxf8 34.c5 dxc5 35.Rc1 c4 36.d6 Rd8
37.Bxc4 Nxc4 38.Rxc4 Kg8 39.Rc7 Rxd6 40.Rxb7 Kf8 41.Kf2 h5 42.Kf3 g5 43.b4 Ke8
44.Ke4 h4 45.gxh4 gxh4 46.Rh7 Kd8 47.Ke5 Rd3 48.Rxh4 Kc7 49.Rh7+ Kb8 50.Rh8+ Kb7
51.Rh7+  1/2-1/2

[Event "Tampere Elo Taraus op"]
[Site "Tampere"]
[Date "1997.??.??"]
[Round "1"]
[White "Lehtinen, Heikki"]
[Black "Tella, Jussi"]
[Result "0-1"]
[WhiteElo "2205"]
[BlackElo "2335"]

1.e4 c5 2.Nc3 Nc6 3.Nge2 d6 4.d4 cxd4 5.Nxd4 Nf6 6.Bg5 e6 7.Qd2 Be7 8.O-O-O O-O
9.f4 h6 10.Bh4 e5 11.Nf5 Bxf5 12.exf5 exf4 13.Qxf4 d5 14.Kb1 d4 15.Bc4 Bd6
16.Qd2 dxc3 17.Qxd6 Qxd6 18.Rxd6 Ne4 19.Rdd1 Nd2+ 20.Rxd2 cxd2 21.Rd1 Rfe8
22.Bd3 Nb4 23.Bf1 Re4 24.Bg3 Rae8 25.c3 Re1  0-1

[Event "Tatry op"]
[Site "Tatranska Lomnica"]
[Date "1997.??.??"]
[Round "5"]
[White "Frindt, Kornel"]
[Black "Manik, Mikulas"]
[Result "0-1"]
[WhiteElo "2175"]
[BlackElo "2465"]

1.e4 c5 2.Nf3 Nc6 3.Nc3 d6 4.Bb5 e5 5.Nd5 a6 6.Be2 g6 7.d3 Bg7 8.h4 Nge7
9.Bg5 h6 10.Bf6 Bxf6 11.Nxf6+ Kf8 12.g4 Kg7 13.Nd5 Nxd5 14.exd5 Ne7 15.c4 Bxg4
16.Nd2 Bxe2 17.Qxe2 Nf5 18.Qe4 Qa5 19.h5 Nd4 20.hxg6 f5 21.Qg2 Nc2+ 22.Ke2 Nxa1
23.Rxa1 Raf8 24.Nf3 Qb4 25.Rb1 Rf6 26.Qh3 b5 27.Nh4 Rhf8 28.b3 bxc4 29.dxc4 Qa3
30.Rh1 Qxa2+ 31.Kd1 Qb1+ 32.Kd2 Qb2+ 33.Kd1 Qd4+ 34.Kc1 Qf4+ 35.Kb2 Qxf2+
36.Ka3 Qd2 37.Rh2 Qc1+ 38.Ka2 a5 39.Rh1 Qd2+ 40.Kb1 a4 41.b4 Qxb4+ 42.Ka1 Qd2
43.Rb1 Qd4+ 44.Ka2 Qxc4+ 45.Ka3 Qxd5 46.Rb6 c4 47.Ka2 c3+ 48.Ka1 c2  0-1

[Event "Toscolano op"]
[Site "Toscolano"]
[Date "1997.??.??"]
[Round "?"]
[White "Lantini, Marco"]
[Black "Agnelli, Francesco"]
[Result "1-0"]
[WhiteElo "2190"]
[BlackElo "2060"]

1.e4 c5 2.Nf3 Nc6 3.Nc3 d6 4.d4 cxd4 5.Nxd4 Nf6 6.Bg5 e5 7.Nf3 Be6 8.Qd2 Rc8
9.O-O-O h6 10.Bxf6 Qxf6 11.Kb1 Qd8 12.Qe3 Qa5 13.Nd2 Nd4 14.Nb3 Bxb3 15.cxb3 Be7
16.f4 O-O 17.Nd5 Bd8 18.Bd3 Bb6 19.Ne7+ Kh8 20.Nxc8 Rxc8 21.fxe5 dxe5 22.Qh3 Rd8
23.Bc4 f6 24.Rhf1 Rf8 25.Qd7 Bc7 26.g4 b5 27.Bd5 Qb6 28.Rc1 Bd6 29.g5 fxg5
30.Rxf8+ Bxf8 31.Qf7 Qf6 32.Qg8+  1-0

[Event "Tunis op"]
[Site "Tunis"]
[Date "1997.??.??"]
[Round "6"]
[White "Al Modiahki, Mohamad"]
[Black "Doghri, Nabil"]
[Result "1-0"]
[WhiteElo "2380"]
[BlackElo "2340"]

1.e4 c5 2.Nf3 Nc6 3.Nc3 Nf6 4.Bb5 Qc7 5.O-O Nd4 6.Re1 a6 7.e5 Nxb5 8.exf6 Nxc3
9.fxg7 Bxg7 10.dxc3 d6 11.Qd5 O-O 12.Qh5 e5 13.Bh6 f5 14.Rad1 f4 15.Bxg7 Kxg7
16.Qg5+ Kh8 17.Qh6 Bf5 18.Qxd6 Qxd6 19.Rxd6 e4 20.Nh4 Rae8 21.Rd5 Bc8 22.Rxc5 Rd8
23.Rc4 Rd2 24.Rcxe4 Rxc2 25.R4e2 Rxe2 26.Rxe2 Bg4 27.f3 Bd7 28.Rf2 Bc6 29.Rd2 Kg7
30.Rd4 Kh6 31.g4 fxg3 32.hxg3 Kg5 33.Rd6 Rf7 34.Rd8 Kh5  1-0

[Event "JUG Cup"]
[Site "Ulcinj"]
[Date "1997.??.??"]
[Round "?"]
[White "Marinkovic, Ivan"]
[Black "Milanovic, Danilo"]
[Result "1/2-1/2"]
[WhiteElo "2495"]
[BlackElo "2415"]

1.e4 c5 2.Nc3 Nc6 3.Nge2 Nf6 4.g3 d5 5.exd5 Nd4 6.Bg2 Bg4 7.h3 Bf3 8.Bxf3 Nxf3+
9.Kf1 Nd4 10.Nxd4 cxd4 11.Nb5 Qb6 12.c4 a6 13.Qa4 O-O-O 14.Na3 d3 15.Kg2 e6
16.Re1  1/2-1/2

[Event "JUG Cup"]
[Site "Ulcinj"]
[Date "1997.??.??"]
[Round "?"]
[White "Damjanovic, Vladimir"]
[Black "Aleksic, Milan"]
[Result "0-1"]
[WhiteElo "2425"]
[BlackElo "2295"]

1.e4 c5 2.Nf3 Nc6 3.Nc3 d6 4.d4 cxd4 5.Nxd4 Nf6 6.Nb3 g6 7.Be2 Bg7 8.O-O O-O
9.Be3 a6 10.f4 Be6 11.Kh1 Rc8 12.f5 Bd7 13.Qe1 Ne5 14.Qh4 b5 15.a3 a5 16.Nd4 Nc4
17.Bh6 Nxa3 18.Rf3 b4 19.Rh3 bxc3 20.bxa3 e5 21.Bxg7 Kxg7 22.Qh6+ Kh8 23.Nf3 Rg8
24.Ng5 Rg7  0-1

[Event "JUG Cup"]
[Site "Ulcinj"]
[Date "1997.??.??"]
[Round "?"]
[White "Ratkovic, Milorad"]
[Black "Indjic, Dusan"]
[Result "1-0"]
[WhiteElo "2185"]
[BlackElo "2375"]

1.e4 c5 2.Nf3 Nc6 3.Nc3 d6 4.Bc4 e6 5.d4 cxd4 6.Nxd4 Qb6 7.Nb3 Nf6 8.Be3 Qc7
9.Bd3 Be7 10.f4 a6 11.Qf3 b5 12.O-O Bb7 13.a3 O-O 14.Rae1 b4 15.Na4 bxa3
16.bxa3 Nd7 17.Qh3 g6 18.f5 exf5 19.Bh6 Rfe8 20.exf5 Nce5 21.fxg6 hxg6 22.Nd4 Bf8
23.Nf5 Nxd3 24.Bxf8 Nxf8 25.Nh6+ Kg7 26.Nxf7 Qxf7 27.Rxf7+ Kxf7 28.Rf1+ Kg8
29.Qxd3 Be4 30.Qxd6 Rad8 31.Qb4 Bf5 32.Nc5 a5 33.Qxa5 Bxc2 34.Qc3 Bf5 35.h3 Ne6
36.Qb3 Rb8 37.Qa2 Rb6 38.Nd7 Rbb8 39.Nf6+  1-0

[Event "Vantaa We EtVaS"]
[Site "Vantaa"]
[Date "1997.??.??"]
[Round "3"]
[White "Berzinsh, Roland"]
[Black "Hartikainen, Markku"]
[Result "1-0"]
[WhiteElo "2440"]
[BlackElo "2255"]

1.e4 c5 2.Nc3 Nc6 3.Nge2 g6 4.d4 cxd4 5.Nxd4 Bg7 6.Be3 Nf6 7.Bc4 O-O 8.Bb3 d6
9.f3 Bd7 10.Qe2 Na5 11.O-O-O a6 12.Qd3 Rc8 13.h4 h5 14.Kb1 b5 15.Nd5 Nxd5
16.exd5 Nc4 17.g4 hxg4 18.h5 Ne5 19.Qe4 a5 20.f4 Nf3 21.Nc6 Rxc6 22.dxc6 Bf5
23.Qd5 a4 24.hxg6 Bxg6 25.f5 e6 26.Qxb5 Bxf5 27.Bxa4 Qf6 28.c7 d5 29.Qb8 e5
30.Rxd5 Bc8 31.Bd7 Ba6 32.Bxg4 e4 33.Bf5  1-0

[Event "Vantaa We EtVaS"]
[Site "Vantaa"]
[Date "1997.??.??"]
[Round "3"]
[White "Lehto, Ville"]
[Black "Veingold, Aleksandr"]
[Result "0-1"]
[WhiteElo "2315"]
[BlackElo "2460"]

1.e4 c5 2.Nf3 Nc6 3.Nc3 d6 4.d4 cxd4 5.Nxd4 Nf6 6.Bg5 e6 7.Qd2 a6 8.O-O-O h6
9.Be3 Bd7 10.f4 b5 11.Bd3 Be7 12.h3 Nxd4 13.Bxd4 b4 14.Ne2 e5 15.Be3 Qa5
16.Kb1 O-O 17.g4 exf4 18.Bxf4 Be6 19.Nc1 d5 20.Nb3 Qb6 21.Be3 Qc7 22.e5 Ne4
23.Qg2 Qxe5 24.Bd4 Qg5 25.h4 Qxg4 26.Bxe4 dxe4 27.Qd2 Qh5 28.Rhg1 g6 29.Qe3 Rad8
30.Rdf1 Bc4 31.Rf4 Bxb3 32.axb3 Rxd4  0-1

[Event "Villa Ballester op"]
[Site "Villa Ballester"]
[Date "1997.??.??"]
[Round "3"]
[White "Paglilla, Carlos"]
[Black "Felgaer, Ruben"]
[Result "0-1"]
[WhiteElo "2410"]
[BlackElo "2265"]

1.e4 c5 2.Nf3 Nc6 3.Nc3 d6 4.d4 cxd4 5.Nxd4 g6 6.f4 Bg7 7.Nf3 Nf6 8.Bd3 O-O
9.O-O Bd7 10.Qe1 Rc8 11.Qh4 a6 12.a3 b5 13.f5 Qb6+ 14.Kh1 Qc5 15.Ng5 h6 16.Nf3 g5
17.Nxg5 hxg5 18.Bxg5 Nh7 19.Bh6 Bxh6 20.Qxh6 Qe5 21.Rf3 Kh8 22.Qh5 Rg8 23.Raf1 Rg7
24.Rh3 Qf6 25.Nd5 Qg5 26.Qe2 Qg4 27.f6 exf6 28.Qf2 Qg5 29.Rh4 Kg8 30.e5 f5
31.Rxh7 Kxh7 32.Nf6+ Kh8 33.Nxd7 dxe5 34.h4 Qe7 35.Bxf5 Rd8 36.Nc5 Nd4 37.Ne4 Nxf5
38.Qxf5 Qxh4+ 39.Kg1 Qg4 40.Qxg4 Rxg4 41.Re1 Kg7 42.Re2 f6 43.Nc5 Rd6 44.Ne4 Rc6
45.c3 Kf7 46.Kf2 Ke6 47.Ke3 f5 48.Nd2 Rd6 49.Kf2 e4 50.Nb3 Ke5 51.Nd4 f4
52.Nf3+ Kf5 53.Nd4+ Rxd4 54.cxd4 e3+ 55.Kf1 Ke4 56.d5 Rg5 57.d6 Rd5 58.Re1 Rxd6
59.Rc1 f3  0-1

[Event "CHI-ch"]
[Site "Vina del Mar"]
[Date "1997.??.??"]
[Round "11"]
[White "Carmona, Jose Luis"]
[Black "Egger, Jorge"]
[Result "0-1"]
[WhiteElo "2165"]
[BlackElo "2410"]

1.e4 c5 2.Nc3 Nc6 3.Bb5 Nd4 4.a4 g6 5.Nf3 Bg7 6.O-O e6 7.Re1 Ne7 8.Rb1 O-O
9.Bf1 Nec6 10.Nxd4 cxd4 11.Nb5 d5 12.d3 a6 13.Na3 Qa5 14.b3 b5 15.Bd2 b4
16.Rc1 Qc5 17.Nb1 e5 18.exd5 Ne7 19.Bg5 f6 20.Bh4 Bh6 21.Nd2 Nxd5 22.Nc4 Bxc1
23.Qxc1 Kg7 24.Bg3 Bf5 25.Be2 Rae8 26.Bf3 Nb6 27.h3 Nxc4 28.bxc4 b3 29.Be4 Bxe4
30.Rxe4 f5 31.Re1 f4 32.Bh4 h6 33.f3 g5 34.Bf2 Rb8 35.cxb3 Rxb3 36.Qc2 Rfb8
37.Qe2 Rb1 38.Kh2 R8b2 39.Qe4 Rxe1 40.Bxe1 Rb1 41.h4 Qe7 42.h5 Qe8 43.g4 fxg3+
44.Kxg3 Kf6 45.Bf2 Qxh5 46.Qc6+ Kg7 47.Qc7+ Qf7 48.Qxe5+ Qf6 49.Qe4 Qf4+
50.Qxf4 gxf4+ 51.Kxf4 Kf7 52.Bxd4 Rb3 53.Ke4 Ra3 54.Be3 h5 55.Bg5 Rxa4 56.f4 a5
57.Kd5 Ra3 58.d4 a4  0-1

[Event "Wattens op"]
[Site "Wattens"]
[Date "1997.??.??"]
[Round "?"]
[White "Rotstein, Arkadij"]
[Black "Weiss, Christian"]
[Result "1-0"]
[WhiteElo "2455"]
[BlackElo "2325"]

1.e4 c5 2.Nc3 Nc6 3.Nge2 Nf6 4.g3 d5 5.exd5 Nd4 6.Bg2 Bg4 7.h3 Bf3 8.Bxf3 Nxf3+
9.Kf1 Nd4 10.Kg2 Nxd5 11.Nxd4 cxd4 12.Nxd5 Qxd5+ 13.Qf3 Qd7 14.d3 Rc8 15.Bf4 g6
16.c4 Bg7 17.Rhe1 f6 18.b4 e5 19.Bd2 O-O 20.b5 Rf7 21.a4 Bf8 22.a5 Re8 23.a6 b6
24.Rac1 f5 25.Qe2 e4 26.Bf4 Bc5 27.Rcd1 Rfe7 28.Qb2 Re6 29.Kh2 Qe7 30.dxe4 fxe4
31.Rxd4 Bxd4 32.Qxd4 Rd8 33.Qb2 Rd3 34.Be3 Rd7 35.Rc1 Rc7 36.Qa2 Kf7 37.Rd1 Rd7
38.Rxd7 Qxd7 39.c5  1-0

[Event "Zagreb op"]
[Site "Zagreb"]
[Date "1997.??.??"]
[Round "7"]
[White "Ivanovic, Zeljko"]
[Black "Feletar, Darko"]
[Result "0-1"]
[WhiteElo "2260"]
[BlackElo "2330"]

1.e4 c5 2.Nf3 Nc6 3.Nc3 Nf6 4.e5 Ng4 5.Qe2 Qc7 6.Nd5 Qb8 7.d4 cxd4 8.Bf4 e6
9.h3 Nh6 10.Bxh6 exd5 11.Bd2 Bc5 12.Qb5 b6 13.O-O-O O-O 14.Qb3 Nxe5 15.Bf4 Nd3+
16.Qxd3 Qxf4+ 17.Kb1 Re8 18.g3 Qf6 19.Bg2 Bb7 20.Rhf1 Re4 21.Nd2 Rae8 22.Nxe4 dxe4
23.Qc4 a5 24.a3 d5 25.Qb3 Qc6 26.c4 Qe6 27.cxd5 Bxd5  0-1

[Event "Zagreb"]
[Site "Zagreb"]
[Date "1997.??.??"]
[Round "9"]
[White "Suskovic, Matija"]
[Black "Brumen, Dinko"]
[Result "0-1"]
[WhiteElo "2120"]
[BlackElo "2335"]

1.e4 c5 2.Nf3 Nc6 3.Nc3 e5 4.Bc4 Be7 5.Nd5 Nf6 6.d3 d6 7.Nxf6+ gxf6 8.Nh4 Be6
9.Be3 Qd7 10.Qh5 O-O-O 11.h3 Nb4 12.Bxe6 fxe6 13.Kd2 d5 14.a3 Nc6 15.f3 c4
16.exd5 Qxd5 17.Rhd1 cxd3 18.Ke1 Qb5 19.Qf7 dxc2 20.Qxe6+ Kb8 21.Rxd8+ Rxd8
22.Nf5 Qxb2 23.Rc1 Qc3+ 24.Ke2 Bc5 25.Bh6 Qd3+  0-1

[Event "NLD-sf"]
[Site "Enschede"]
[Date "1998.01.06"]
[Round "4"]
[White "Blokhius, Jeroen"]
[Black "Van der Weide, Karel"]
[Result "1/2-1/2"]
[WhiteElo "2205"]
[BlackElo "2450"]

1.e4 c5 2.Nc3 Nc6 3.Nge2 g6 4.d4 cxd4 5.Nxd4 Bg7 6.Be3 Nf6 7.Bc4 O-O 8.O-O Nxe4
9.Nxe4 d5 10.Nxc6 bxc6 11.Bd3 dxe4 12.Bxe4 Qa5 13.Qc1 Rb8 14.c3 c5 15.Rd1 Be6
16.Bd5 Bf5 17.a3 e6 18.b4 cxb4 19.axb4 Qc7 20.Bf3 Qxc3 21.Qxc3 Bxc3 22.Rac1 Bb2
23.Rc4 Rfd8 24.Rxd8+ Rxd8 25.Bxa7 Bd3 26.Rc7 e5 27.Bc6 Bf5 28.Ba4 Rd3 29.h3 Ra3
30.Bd7 Bd3 31.Be3 e4 32.g3 h5 33.Bc6 Ra1+ 34.Kh2 h4 35.Re7 hxg3+ 36.Kxg3 f5
37.Bd5+ Kh8 38.Kf4 Rg1 39.Re8+ Kg7 40.Re7+ Kh6 41.Bg8 Bg7 42.Rc7 Rg2 43.b5 g5+
44.Kxf5 Rxf2+ 45.Bxf2 e3+ 46.Kg4 Be2+ 47.Kg3  1/2-1/2

[Event "Ano Liosia op"]
[Site "Athens"]
[Date "1998.01.11"]
[Round "9"]
[White "Velickovic, Sasa"]
[Black "Grivas, Efstratios"]
[Result "0-1"]
[WhiteElo "2395"]
[BlackElo "2495"]

1.e4 c5 2.Nc3 Nc6 3.Nge2 d6 4.g3 g6 5.d4 Bg4 6.dxc5 dxc5 7.Qxd8+ Rxd8 8.Be3 Bf3
9.Rg1 Nf6 10.Bg2 Bxg2 11.Rxg2 b6 12.Rd1 Rxd1+ 13.Kxd1 Bg7 14.f3 Nd7 15.f4 O-O
16.Kc1 Rd8 17.Rg1 Bd4 18.Bxd4 cxd4 19.Nd1 e5 20.Nf2 exf4 21.gxf4 Nc5 22.Rd1 a5
23.Kb1 f6 24.Kc1 Kf7 25.a3 a4 26.Kb1 g5 27.Rf1 h6 28.fxg5 hxg5 29.Ng3 Ne5
30.Rd1 Ke6 31.Ka2 d3 32.cxd3 Nexd3 33.Nxd3 Rxd3 34.Rf1 Rd2 35.Nf5 Nxe4 36.h4 gxh4
37.Nxh4 Nc5 38.Ng6 Nd3 39.Nf4+ Nxf4 40.Rxf4 b5 41.Rb4 Rd5 42.b3 axb3+ 43.Kxb3 Ke5
44.Kc3 f5 45.Rb1 f4  0-1

[Event "Szeged TT01 IM"]
[Site "Szeged"]
[Date "1998.01.16"]
[Round "2"]
[White "Ratkovic, Milorad"]
[Black "Tatar Kis, Szabolcs"]
[Result "1/2-1/2"]
[WhiteElo "2255"]
[BlackElo "2350"]

1.e4 c5 2.Nf3 Nc6 3.Nc3 Nf6 4.d4 cxd4 5.Nxd4 e5 6.Nxc6 bxc6 7.Bg5 Bb4 8.Qf3 O-O
9.Be2 h6 10.h4 d5 11.Bxf6 Qxf6 12.a3 dxe4 13.Qxf6 Bxc3+ 14.bxc3 gxf6 15.Bc4 Bg4
16.Kd2 Rad8+ 17.Ke3 f5 18.h5 Kh7 19.f3 exf3 20.gxf3 f4+ 21.Ke4 f5+ 22.Kxe5 Bxf3
23.Rhe1 Bxh5 24.Kxf4 Rd7 25.Re5 Rg7 26.Bd3 Rg4+ 27.Ke3 Kg6 28.Rf1 Rg3+ 29.Kf4 Rg4+
30.Ke3 Rg5 31.Re6+ Rf6 32.Re8 Kf7 33.Rd8 Rg3+ 34.Kd4 f4 35.Rd7+ Ke6 36.Rc7 Kd6
37.Rxa7 f3 38.Ra8 f2 39.c4 c5+ 40.Kc3 Be2 41.Ra6+ Ke5 42.Rxf6 Bxf1 43.Rxf2  1/2-1/2

[Event "CZE-chT 9798"]
[Site "CZE"]
[Date "1998.01.17"]
[Round "5"]
[White "Navara, David"]
[Black "Ptacnikova, Lenka"]
[Result "0-1"]
[WhiteElo "2175"]
[BlackElo "2280"]

1.e4 c5 2.Nf3 Nc6 3.Nc3 g6 4.d4 cxd4 5.Nxd4 Bg7 6.Be3 Nf6 7.Bc4 O-O 8.Bb3 d6
9.f3 Bd7 10.Qd2 Rc8 11.O-O-O Ne5 12.Bh6 Bxh6 13.Qxh6 Rxc3 14.bxc3 a5 15.a3 Qc7
16.Kd2 a4 17.Ba2 Qc5 18.Qe3 Qxa3 19.Ra1 Qxa2 20.Rxa2 Nc4+ 21.Kd3 Nxe3 22.Kxe3 e5
23.Ne2 d5 24.Ng3 Rc8 25.Ra3 Rc4 26.Rb1 b5 27.Rb4 Rc8 28.Nf1 Bc6 29.h3 Kf8
30.Nd2 Ke7 31.Rb1 Bd7 32.Rd1 Rc7 33.Rb1 h6 34.Kf2 Ke6 35.Ke2 dxe4 36.fxe4 Ne8
37.Ke3 Nd6 38.g4 f5 39.gxf5+ gxf5 40.exf5+ Nxf5+ 41.Kf2 Nd6 42.Rb4 Kd5 43.Rb1 Bf5
44.Rb2 Rc5 45.Ke1 Kc6 46.Kf2 Rd5 47.Nb1 Nc4 48.Rb4 Bxc2 49.Ra1 Rd1 50.Ke2 Rh1
51.Kf2 a3 52.Rxb5 a2 53.Rxa2 Kxb5 54.Na3+ Nxa3 55.Rxa3 Kc4 56.Ra5 e4 57.Ke3 Rxh3+  0-1

[Event "Szeged TT01 IM"]
[Site "Szeged"]
[Date "1998.01.17"]
[Round "3"]
[White "Dragojlovic, Andjelko"]
[Black "Papp Z, Csaba"]
[Result "1-0"]
[WhiteElo "2370"]
[BlackElo "2350"]

1.e4 c5 2.Nf3 Nc6 3.Nc3 e6 4.Bb5 Nd4 5.a4 a6 6.Bc4 Qf6 7.Nxd4 cxd4 8.Ne2 Qg6
9.Ng3 h5 10.Qf3 Nf6 11.h4 Bd6 12.d3 Ng4 13.Bf4 Ne5 14.Bxe5 Bxe5 15.Ne2 d6
16.c3 dxc3 17.bxc3 Qf6 18.Qxf6 Bxf6 19.Kd2 O-O 20.Rab1 Rd8 21.d4 Bd7 22.a5 Rdc8
23.Bd3 Bd8 24.Ra1 e5 25.f3 g6 26.g3 exd4 27.cxd4 Bb5 28.Rhb1 Bxd3 29.Kxd3 Rc7
30.Ra2 Rac8 31.Rb3 Kg7 32.Rab2 Rc4 33.Rxb7 Ra4 34.e5 dxe5 35.dxe5 Ra3+ 36.R2b3 Rxb3+
37.Rxb3 Rc5 38.f4 Rxa5 39.Nd4 Ra1 40.Rb7 Kf8 41.Rb8 Ke7 42.Nc6+ Kd7 43.Nxd8 Kc7
44.Ra8 Rd1+ 45.Kc4 Rxd8 46.Ra7+ Kb6 47.Rxf7 Rc8+ 48.Kb3 Kb5 49.Rb7+ Kc5 50.Rg7 Rc6
51.Rd7 Rb6+ 52.Ka3 a5 53.Rd1 Kc4 54.Ka4 Rb2 55.Kxa5 Rg2 56.Re1 Kc5  1-0

[Event "Anibal op 5th"]
[Site "Linares"]
[Date "1998.01.22"]
[Round "3"]
[White "Al Modiahki, Mohamad"]
[Black "Bagaturov, Giorgi"]
[Result "1-0"]
[WhiteElo "2425"]
[BlackElo "2535"]

1.e4 c5 2.Nf3 Nc6 3.Nc3 d6 4.d4 cxd4 5.Nxd4 Nf6 6.g3 e6 7.Bg2 Bd7 8.O-O Be7
9.a4 O-O 10.Nb3 Qc7 11.f4 Rad8 12.g4 d5 13.e5 Ne8 14.Nb5 Qb6+ 15.Kh1 f6 16.exf6 Nxf6
17.g5 Ne4 18.Qe2 a6 19.Bxe4 axb5 20.Bxh7+  1-0

[Event "Anibal op 5th"]
[Site "Linares"]
[Date "1998.01.27"]
[Round "8"]
[White "Saldano, Horacio"]
[Black "Degraeve, Jean Marc"]
[Result "0-1"]
[WhiteElo "2345"]
[BlackElo "2525"]

1.e4 c5 2.Nf3 Nc6 3.Nc3 g6 4.Bb5 Bg7 5.O-O e5 6.Nd5 a6 7.Bxc6 bxc6 8.Ne3 Nf6
9.Nxe5 Nxe4 10.Qf3 Ng5 11.Qg3 O-O 12.f4 Ne6 13.f5 Nd4 14.Rf2 d6 15.N5c4 Bxf5
16.Qxd6 Qxd6 17.Nxd6 Bxc2 18.Nb7 f5 19.g3 g5 20.Nxc5 f4 21.gxf4 gxf4 22.Ng2 Rae8
23.d3 Ne2+ 24.Kf1 Bd4 25.Nd7 Bxd3 26.Nxf8 Nxc1+ 27.Kg1  0-1

[Event "Europe vs Americas"]
[Site "Mermaid Beach"]
[Date "1998.01.28"]
[Round "3"]
[White "Peptan, Corina"]
[Black "Zamora, Jorge"]
[Result "1-0"]
[WhiteElo "2410"]
[BlackElo "2370"]

1.e4 c5 2.Nc3 Nc6 3.Nge2 Nf6 4.d4 cxd4 5.Nxd4 d6 6.Bg5 e6 7.Qd2 a6 8.O-O-O Nxd4
9.Qxd4 Be7 10.Kb1 b5 11.e5 dxe5 12.Qxe5 Qb6 13.Ne4 Nxe4 14.Bxe7 Bb7 15.Bb4 f6
16.Qh5+ g6 17.Qh6 Bd5 18.Bd3 O-O-O 19.Bxe4 Bxe4 20.f3 Rxd1+ 21.Rxd1 Bd5 22.b3 Qc7
23.Rd3 Kb7 24.Ba5 Qf7 25.Qe3 Ka8 26.Rc3 Qa7 27.Bb6 Qb8 28.Rc7 Bb7 29.Qxe6 Rc8
30.Rxc8 Qxc8 31.Qxf6 Qd7 32.Bd4 Bc8 33.Kb2 Qe6 34.Qf8 Kb7 35.Qc5 Bd7 36.Qa7+ Kc8
37.Qa8+ Kc7 38.f4 Bc8 39.Be5+ Kb6 40.Qb8+ Kc6 41.Qc7+ Kd5 42.Qxh7  1-0

[Event "CZE-chT 9798"]
[Site "CZE"]
[Date "1998.02.07"]
[Round "6"]
[White "Simacek, Pavel"]
[Black "Gross, Stefan"]
[Result "1/2-1/2"]
[WhiteElo "2320"]
[BlackElo "2340"]

1.e4 c5 2.Nf3 Nc6 3.Nc3 g6 4.d4 cxd4 5.Nxd4 Bg7 6.Be3 Nf6 7.Nxc6 bxc6 8.e5 Nd5
9.Nxd5 cxd5 10.Qxd5 Rb8 11.Bc4 O-O 12.O-O-O d6 13.Bxa7 Be6 14.Qd3 Bxc4 15.Qxc4 Rc8
16.Qb3 Qa5 17.Bb6 Qxe5 18.Rd5 Qe4 19.Rhd1 Qxg2 20.a4 Qxh2 21.a5 Be5 22.a6 e6
23.Rb5 d5 24.a7 h5 25.Kb1 Qf4 26.Rb4 Qf5 27.Bd4 Bxd4 28.Rdxd4 Qxf2 29.Ra4 Ra8
30.Qb7 g5 31.Qe7 Qf5 32.Rdb4 Rfc8 33.Ka2 Kg7 34.c3 Qf6 35.Qd6 Qd8 36.Qe5+ Qf6
37.Qd6 Qd8 38.Qe5+ Qf6  1/2-1/2

[Event "Masters 14th"]
[Site "Caldas de Felgueira"]
[Date "1998.02.15"]
[Round "9"]
[White "Ribeiro, Fernando"]
[Black "Frois, Antonio"]
[Result "1/2-1/2"]
[WhiteElo "2360"]
[BlackElo "2385"]

1.e4 c5 2.Nf3 Nc6 3.Nc3 d6 4.d4 cxd4 5.Nxd4 Nf6 6.Bg5 Nxd4 7.Qxd4 Bd7 8.O-O-O Qa5
9.Bxf6 gxf6 10.Kb1 Rc8  1/2-1/2